[Event "Casablanca Mohammed op 4th"]
[Site "Casablanca"]
[Date "2023.08.16"]
[Round "4"]
[White "Ponkratov, Pavel"]
[Black "Stremavicius, Titas"]
[Result "0-1"]
[WhiteElo "2582"]
[BlackElo "2534"]
[PlyCount "76"]
[EventDate "2023.08.14"]
[EventType "swiss"]
[EventRounds "9"]
[EventCountry "MAR"]
[SourceTitle "CBM 215 Extra"]
[Source "ChessBase"]
[SourceDate "2023.09.30"]
[SourceVersion "1"]
[SourceVersionDate "2023.09.30"]
[SourceQuality "1"]

1. e4 c5 2. Nf3 e6 3. d4 cxd4 4. Nxd4 Nc6 5. Nc3 Nf6 6. Ndb5 Bb4 7. a3 Bxc3+ 8. Nxc3 d5 9. Bd3 dxe4 10. Nxe4 Nxe4 11. Bxe4 Qxd1+ 12. Kxd1 Bd7 13. Be3 f5 14. Bf3 e5 15. Kc1 Rc8 16. Bd5 f4 17. Bc5 b6 18. Bd6 Bf5 19. Rd1 Nd4 20. c3 Rd8 21. cxd4 Rxd6 22. dxe5 Rd8 23. b4 Rc8+ 24. Kb2 Rc2+ 25. Kb3 Ke7 26. Rdc1 Rhc8 27. Rxc2 Rxc2 28. Rf1 Rd2 29. Bc4 Be6 30. Kc3 Bxc4 31. Kxc4 Ke6 32. Kb5 Ra2 33. a4 g5 34. g4 f3 35. Re1 Re2 36. Ra1 Rxf2 37. Ka6 Rxh2 38. Kxa7 h5 0-1

[Event "Casablanca Mohammed op 4th"]
[Site "Casablanca"]
[Date "2023.08.14"]
[Round "1"]
[White "Avinash, Ramesh"]
[Black "Stremavicius, Titas"]
[Result "0-1"]
[WhiteElo "2267"]
[BlackElo "2534"]
[PlyCount "82"]
[EventDate "2023.08.14"]
[EventType "swiss"]
[EventRounds "9"]
[EventCountry "MAR"]
[SourceTitle "CBM 215 Extra"]
[Source "ChessBase"]
[SourceDate "2023.09.30"]
[SourceVersion "1"]
[SourceVersionDate "2023.09.30"]
[SourceQuality "1"]

1. e4 c5 2. Nf3 e6 3. d4 cxd4 4. Nxd4 Nc6 5. Nc3 Nf6 6. a3 Be7 7. Nxc6 bxc6 8. e5 Nd5 9. Qg4 g6 10. Qg3 d6 11. Ne4 dxe5 12. c4 Nf4 13. Qc3 0-0 14. Qxe5 Nd3+ 15. Bxd3 Qxd3 16. Nf6+ Bxf6 17. Qxf6 Rd8 18. f3 Ba6 19. b3 Qd4 20. Bb2 Qxf6 21. Bxf6 Rdb8 22. b4 Bxc4 23. Kd2 Rb5 24. Kc3 Rf5 25. Bd4 Bd5 26. Rhe1 f6 27. a4 a6 28. a5 Rf4 29. Bc5 g5 30. h3 h5 31. Kd3 g4 32. Ke3 e5 33. fxg4 hxg4 34. Rf1 Re4+ 35. Kd3 Kf7 36. h4 g3 37. Rh1 Rh8 38. h5 Rg4 39. Rag1 f5 40. Rh3 Rh6 41. Ke3 Rg5 0-1

[Event "Kavala op 32nd"]
[Site "Kavala"]
[Date "2023.08.02"]
[Round "7"]
[White "Stremavicius, Titas"]
[Black "Cuenca Jimenez, Jose Fernando"]
[Result "1-0"]
[WhiteElo "2534"]
[BlackElo "2529"]
[PlyCount "79"]
[EventDate "2023.07.28"]
[EventType "swiss"]
[EventRounds "9"]
[EventCountry "GRE"]
[SourceTitle "CBM 215 Extra"]
[Source "ChessBase"]
[SourceDate "2023.09.30"]
[SourceVersion "1"]
[SourceVersionDate "2023.09.30"]
[SourceQuality "1"]

1. d4 d5 2. Nf3 Nf6 3. g3 c5 4. Bg2 cxd4 5. 0-0 Bd7 6. b3 Nc6 7. Nxd4 e5 8. Nxc6 Bxc6 9. c4 d4 10. Re1 Bc5 11. Ba3 Bxa3 12. Nxa3 Bxg2 13. Kxg2 Qd6 14. Nc2 Qc6+ 15. f3 Rd8 16. Nb4 Qe6 17. Qd2 e4 18. Nc2 0-0 19. Nxd4 exf3+ 20. exf3 Qb6 21. Rad1 Rd7 22. Re3 Rfd8 23. Rd3 Qc5 24. Qc3 Qe5 25. Re1 Qc7 26. Red1 Qe5 27. Re3 Qb8 28. Rdd3 Qd6 29. Rd2 h5 30. b4 Qa6 31. Red3 Qd6 32. Re3 Qa6 33. b5 Qa4 34. Red3 Rc7 35. c5 Re8 36. Nf5 Rf8 37. Nxg7 Kxg7 38. Rd6 Re8 39. Qxf6+ Kg8 40. R6d5 1-0

[Event "Kavala op 32nd"]
[Site "Kavala"]
[Date "2023.08.01"]
[Round "6"]
[White "Sanket, Chakravarty"]
[Black "Stremavicius, Titas"]
[Result "1/2-1/2"]
[WhiteElo "2385"]
[BlackElo "2534"]
[PlyCount "58"]
[EventDate "2023.07.28"]
[EventType "swiss"]
[EventRounds "9"]
[EventCountry "GRE"]
[SourceTitle "CBM 215 Extra"]
[Source "ChessBase"]
[SourceDate "2023.09.30"]
[SourceVersion "1"]
[SourceVersionDate "2023.09.30"]
[SourceQuality "1"]

1. c4 e6 2. Nf3 d5 3. e3 Nf6 4. Nc3 Nbd7 5. b3 Bd6 6. Bb2 0-0 7. Qc2 a6 8. Be2 Re8 9. Rc1 dxc4 10. bxc4 e5 11. Ng5 h6 12. Nge4 Bf8 13. 0-0 Nxe4 14. Nxe4 Nc5 15. Nxc5 Bxc5 16. Bd3 Qe7 17. Be4 c6 18. f4 exf4 19. Rxf4 Bd6 20. Bh7+ Kh8 21. Rf2 Be6 22. Rcf1 Qh4 23. Bxg7+ Kxg7 24. Qb2+ f6 25. g3 Qg5 26. Qxb7+ Be7 27. Rxf6 Rab8 28. Qa7 Ra8 29. Qb7 Rab8 1/2-1/2

[Event "Kavala op 32nd"]
[Site "Kavala"]
[Date "2023.07.29"]
[Round "3"]
[White "Stremavicius, Titas"]
[Black "Campos Gomez, Manuel"]
[Result "1-0"]
[WhiteElo "2534"]
[BlackElo "2307"]
[PlyCount "179"]
[EventDate "2023.07.28"]
[EventType "swiss"]
[EventRounds "9"]
[EventCountry "GRE"]
[SourceTitle "CBM 215 Extra"]
[Source "ChessBase"]
[SourceDate "2023.09.30"]
[SourceVersion "1"]
[SourceVersionDate "2023.09.30"]
[SourceQuality "1"]

1. d4 d5 2. c4 c6 3. cxd5 cxd5 4. Bf4 Nc6 5. e3 Nf6 6. Nc3 a6 7. Be2 Qb6 8. a3 Bf5 9. g4 Bg6 10. Na4 Qd8 11. g5 Ne4 12. f3 e5 13. dxe5 Nxg5 14. Qb3 Na5 15. Qb6 Ne6 16. Rc1 Be7 17. Nh3 d4 18. 0-0 d3 19. Bd1 Bf5 20. Nf2 Nxf4 21. exf4 0-0 22. Rc7 Nc6 23. Rxb7 Qxb6 24. Nxb6 Rab8 25. Rxb8 Rxb8 26. Nc4 Nd4 27. b4 Bg6 28. Ne4 Rc8 29. Ncd6 Rc1 30. Kf2 Nc2 31. f5 Bh4+ 32. Ng3 Bh5 33. Be2 dxe2 34. Rxc1 e1Q+ 35. Rxe1 Nxe1 36. Kxe1 Bxf3 37. a4 Be7 38. b5 axb5 39. axb5 f6 40. b6 fxe5 41. Nge4 Bd8 42. b7 Bc7 43. Kf2 Bh1 44. Ke3 Kf8 45. Nb5 Bb8 46. Nc5 Ke7 47. Na6 Bxb7 48. Nxb8 g6 49. f6+ Kxf6 50. Nd7+ Kg5 51. Nxe5 Kh4 52. Kf2 Kh3 53. Kg1 g5 54. Nd6 Ba8 55. Nf5 h5 56. Ng7 Kh4 57. Nf5+ Kh3 58. Ng3 Kh4 59. Nd7 Bf3 60. Nf6 g4 61. Nfxh5 Kg5 62. Kf2 Ba8 63. Ng7 Bd5 64. N7f5 Ba8 65. Ne3 Bb7 66. Ng2 Bc6 67. Nf1 Bb7 68. Kg3 Bc6 69. Nge3 Bb7 70. Nxg4 Be4 71. Nd2 Bc2 72. Nf3+ Kh5 73. Nd4 Bb1 74. h4 Kg6 75. Ne5+ Kh5 76. Ne2 Kh6 77. Nf4 Bf5 78. Ng4+ Kh7 79. h5 Bb1 80. Kh4 Bc2 81. Kg5 Bb1 82. Nf6+ Kg7 83. Ng6 Kf7 84. Nh4 Kg7 85. Nf5+ Kh8 86. Ne7 Kg7 87. Nc6 Kf8 88. Ne5 Kg7 89. h6+ Kh8 90. Nf7# 1-0